Word Race (4 Letters) Quiz Stats

 Plays Quiz Updated Nov 14, 2018

Support Sporcle.
Go Orange.
Score 0/40 Timer 01:00
1 Play Today
Clue Word % Correct
????
100%
????
99.5%
????
99.1%
????
97.2%
????
97%
????
95.6%
????
95.2%
????
91.6%
????
91.3%
????
90.9%
????
89.8%
????
89.2%
????
83%
????
77.7%
????
76.2%
????
74.2%
????
68.7%
????
66.2%
????
62.1%
????
58.4%
Clue Word % Correct
????
56.1%
????
53.4%
????
50.9%
????
48.4%
????
44.4%
????
41.5%
????
38%
????
35.3%
????
31.7%
????
29.1%
????
26.1%
????
22.9%
????
20.1%
????
15.3%
????
13.5%
????
10.8%
????
8.6%
????
6.7%
????
5.4%
????
3.6%

From the Vault

IMDb Movie Genres

by Devinel

Movies 4m
This quiz is like navigating an old video store, but without the stale popcorn smell.
Remove Ads.
Support Sporcle.
Get the best of Sporcle when you Go Orange. This ad-free experience offers more features, more stats, and more fun while also helping to support Sporcle. Thank you for becoming a member.

Show Comments

Extras

Top Quizzes Today


Score Distribution

Your Account Isn't Verified!

In order to create a playlist on Sporcle, you need to verify the email address you used during registration. Go to your Sporcle Settings to finish the process.

Report this User

Report this user for behavior that violates our Community Guidelines.

Details: